000 01160cam a22002775a 4500
005 20091103014612.0
008 090911s2009 ii ab b 100 0 eng d
010 _aENG-95337
020 _a8176482285
_c695.00
035 _aEN-78870
037 _bDBAD/PUB
040 _aDPL
_beng
082 _a378.540072
100 _aVenkataiah, N.
245 _aEducational Research in Indian Universities
_cby N. Venkataiah
_bMisconceptions and Shortcominge /
260 _aNew Delhi :
_bAPH Publishing Corporation
_c2009
270 _a4435-36/7. Ansari road, Darya Ganj
_bNew Delhi
_e110002
300 _a xiii, 237 p.
_c22 cm. (Hb)
500 _aIncludes Index and bibliography
520 _aContributed articles.
610 _aCollege of Fort St. George (Madras, India)
651 _aMadras (India)
_xIntellectual life
_y19th century.
942 _2ddc
_cEN
_mVEN
_h378.540072
999 _c31399
_d31399